[Event "DM 2026 G5 1A"]
[Site "Svendborg"]
[Date "2026.03.31"]
[Round "4.1"]
[White "Yildiz, Hasan"]
[Black "Nielsen, Jacob Woge"]
[Result "1-0"]
[WhiteElo "1959"]
[BlackElo "2084"]
[WhiteFideId "1435086"]
[BlackFideId "1402900"]
[EventDate "2026.03.28"]
[EventType "swiss"]
[EventRounds "5"]
[EventCountry "DEN"]
[SourceTitle "Live v. Kasper Jerwiarz"]

1. Nf3 d5 2. g3 g6 3. c3 Bg7 4. d4 Nf6 5. Bg2 O-O 6. O-O b6 7. Re1 Bb7 8. Bg5 Ne4 9. Qc1 Re8 10. Bh6 Bh8 11. Nbd2 Nd6 12. Ne5 Nd7 13. Ndf3 f6 14. Ng4 e5 15. dxe5 fxe5 16. Bg5 Qc8 17. Nh6+ Kf8 18. Bh3 Nf7 19. Nh4 Nxg5 20. Qxg5 Qd8 21. Nxg6+ hxg6 22. Qxg6 Qf6 23. Qg8+ Ke7 24. Qh7+ Bg7 25. Nf5+ Kf7 26. Qxg7+ Qxg7 27. Nxg7 Kxg7 28. Bxd7 Re7 29. Bh3 Kf6 30. Bg2 e4 31. e3 Ke5 32. Rad1 Rf8 33. Rd2 a5 34. Bf1 c5 35. Red1 Ref7 36. Bb5 Rd8 37. a3 Bc8 38. Bc6 Be6 39. b4 axb4 40. axb4 Rc7 41. Bb5 Ra7 42. Kg2 Ra3 43. bxc5 bxc5 44. Rc1 Rb8 45. Be2 Rbb3 46. Rdc2 Bf5 47. g4 Bh7 48. h4 Ra7 49. h5 Kf6 50. Rd2 Bg8 51. c4 Ra8 1-0

[Event "DM 2026 G5 1A"]
[Site "Svendborg"]
[Date "2026.03.31"]
[Round "4.2"]
[White "Jacobsen, Hans Endrup"]
[Black "Mosegaard, Klaus"]
[Result "1/2-1/2"]
[WhiteElo "1906"]
[BlackElo "1826"]
[WhiteFideId "1406841"]
[BlackFideId "1441710"]
[EventDate "2026.03.28"]
[EventType "swiss"]
[EventRounds "5"]
[EventCountry "DEN"]
[SourceTitle "Live v. Kasper Jerwiarz"]

1. e4 e6 2. d4 d5 3. Nc3 Bb4 4. Ne2 dxe4 5. a3 Be7 6. Nxe4 Nf6 7. N2c3 Nbd7 8. Be3 O-O 9. Bd3 b6 10. O-O Bb7 11. Qe2 Nxe4 12. Nxe4 f5 13. Nc3 Bd6 14. f3 Qf6 15. Nb5 Rae8 16. Nxd6 cxd6 17. Bb5 Re7 18. Qd2 f4 19. Bf2 Qg5 20. Be2 Rf6 21. Kh1 Rg6 22. Rg1 Rh6 23. Rgd1 Rg6 24. g3 e5 25. d5 Nf6 26. c4 Rh6 27. Kg2 Bc8 28. Bg1 Bh3+ 29. Kf2 Rf7 30. Bf1 fxg3+ 31. Ke1 Qxd2+ 32. Rxd2 Bxf1 33. Kxf1 gxh2 34. Rxh2 Rxh2 35. Bxh2 Nh5 36. Ke2 Rc7 37. Rc1 Nf4+ 38. Ke3 Nxd5+ 39. Ke4 Nf6+ 40. Ke3 Kf7 41. b4 Ke6 42. Kd3 Rc8 43. Rg1 Rg8 44. f4 e4+ 45. Kd4 g6 46. a4 h6 47. Ra1 g5 48. a5 g4 49. axb6 axb6 50. Ra6 g3 51. Bg1 Rb8 52. Ra3 Rg8 53. Ra6 Rb8 54. Ra3 Rg8 1/2-1/2

[Event "DM 2026 G5 1A"]
[Site "Svendborg"]
[Date "2026.03.31"]
[Round "4.3"]
[White "Nielsen, Frode Benedikt"]
[Black "Matras, Ove"]
[Result "1-0"]
[WhiteElo "1958"]
[BlackElo "1895"]
[WhiteFideId "1405721"]
[BlackFideId "1416790"]
[EventDate "2026.03.28"]
[EventType "swiss"]
[EventRounds "5"]
[EventCountry "DEN"]
[SourceTitle "Live v. Kasper Jerwiarz"]

1. Nc3 e5 2. e4 Nf6 3. Bc4 Bc5 4. d3 O-O 5. Nf3 Nc6 6. Bg5 h6 7. Be3 Bxe3 8. fxe3 d6 9. Qe2 Be6 10. O-O-O Bxc4 11. dxc4 Ne7 12. Nxe5 Ng6 13. Nxg6 fxg6 14. e5 Ne8 15. exd6 cxd6 16. c5 Rc8 17. cxd6 Rxc3 18. bxc3 Nxd6 19. Qd3 Rf6 20. Qd5+ Kh7 21. e4 Rf2 22. Qxd6 Qa5 23. Qd4 Qa3+ 24. Kb1 Rf6 25. Ka1 Ra6 26. Qc4 b5 27. Qb3 Qc5 1-0

[Event "DM 2026 G5 1A"]
[Site "Svendborg"]
[Date "2026.03.31"]
[Round "4.4"]
[White "Christensen, Adam Stanczyk"]
[Black "Holm, Henrik"]
[Result "1-0"]
[WhiteElo "1853"]
[BlackElo "1849"]
[WhiteFideId "1463950"]
[BlackFideId "1425340"]
[EventDate "2026.03.28"]
[EventType "swiss"]
[EventRounds "5"]
[EventCountry "DEN"]
[SourceTitle "Live v. Kasper Jerwiarz"]

1. e4 c5 2. c3 g6 3. d4 cxd4 4. cxd4 d5 5. e5 a6 6. Nc3 Nc6 7. h3 Nh6 8. Nf3 Bg7 9. Qb3 e6 10. Bg5 Qa5 11. g4 Bd7 12. Bd2 Qc7 13. Qa3 Bf8 14. Nb5 Qb8 15. Nd6+ Bxd6 16. exd6 Ng8 17. Bg5 h6 18. Bf4 Qd8 19. Bd3 Qa5+ 20. Qxa5 Nxa5 21. Be5 Rh7 22. Nh4 Kf8 23. O-O Nc6 24. f4 Rg7 25. f5 Nxe5 26. dxe5 gxf5 27. Kh2 fxg4 28. hxg4 Rxg4 29. Kh3 Rg5 30. Bg6 f5 31. exf6 e5+ 32. Kh2 h5 33. Bh7 Nh6 34. Ng6+ Kf7 35. Ne7 Ng4+ 36. Kh1 Nxf6 37. Nxd5 Bc6 38. Be4 Rg6 39. Bxg6+ Kxg6 40. Rxf6+ Kg5 41. Rg1+ Kh4 42. Rd1 Kg5 43. Rff1 Rd8 44. Kh2 Rxd6 45. Ne7 Rxd1 46. Rxd1 Bf3 47. Rc1 Kf4 48. Ng6+ Ke4 49. Re1+ Kd4 50. Nxe5 Bd5 51. a3 b5 52. Nd7 Bf3 53. Kg3 Bg4 54. Nf6 Bf5 55. Nxh5 Kc4 56. Re3 b4 57. axb4 Kxb4 58. Kf4 Bc2 59. Nf6 Bb3 60. Ne4 a5 61. Nd2 Bc2 62. Rc3 Bd1 63. Rc7 a4 64. Rb7+ Kc5 65. Ke3 Kc6 66. Rb8 Kc7 67. Rb4 Kc6 68. Ne4 Bb3 69. Kd4 Bd1 70. Nc3 Bb3 71. Nxa4 1-0

[Event "DM 2026 G5 1A"]
[Site "Svendborg"]
[Date "2026.03.31"]
[Round "4.5"]
[White "Svendsen, Peter Willer"]
[Black "Warncke, Bent"]
[Result "0-1"]
[WhiteElo "1908"]
[BlackElo "1958"]
[WhiteFideId "1405250"]
[BlackFideId "1444204"]
[EventDate "2026.03.28"]
[EventType "swiss"]
[EventRounds "5"]
[EventCountry "DEN"]
[SourceTitle "Live v. Kasper Jerwiarz"]

1. e4 d6 2. d4 Nf6 3. Nc3 e5 4. Nf3 Nbd7 5. Bc4 Be7 6. O-O O-O 7. a4 c6 8. a5 b5 9. axb6 Nxb6 10. Bb3 Qc7 11. h3 h6 12. Be3 Re8 13. dxe5 dxe5 14. Bxb6 Qxb6 15. Nxe5 Be6 16. Bxe6 fxe6 17. Qf3 Qc7 18. Nc4 Rf8 19. Qe3 e5 20. Ra5 Nd7 21. Rfa1 Bg5 22. Qd3 Be7 23. Qg3 Bc5 24. Rd1 Bxf2+ 25. Qxf2 Rxf2 26. Kxf2 a6 27. Raa1 Qa7+ 28. Kg3 Rf8 29. Rd2 Nf6 30. Rad1 Qf7 31. Nd6 Nxe4+ 0-1

[Event "DM 2026 G5 1A"]
[Site "Svendborg"]
[Date "2026.03.31"]
[Round "4.6"]
[White "Rynkjob, Bastian"]
[Black "Almasy, Alexander Christian"]
[Result "0-1"]
[WhiteElo "1930"]
[BlackElo "1941"]
[WhiteFideId "1473557"]
[BlackFideId "1415700"]
[EventDate "2026.03.28"]
[EventType "swiss"]
[EventRounds "5"]
[EventCountry "DEN"]
[SourceTitle "Live v. Kasper Jerwiarz"]

1. e4 c5 2. Nf3 Nc6 3. Bb5 g6 4. O-O Bg7 5. Re1 e6 6. Nc3 Nge7 7. Bf1 O-O 8. d3 d6 9. Be3 Nd4 10. Be2 Nec6 11. a3 Rb8 12. Qc1 b5 13. Bh6 Nxc2 14. Bxg7 Nxe1 15. Bxf8 Nxf3+ 16. Bxf3 Qxf8 17. h4 Nd4 18. Bd1 Bb7 19. h5 f5 20. exf5 Qxf5 21. Qe3 Rf8 22. Ne4 Bxe4 23. dxe4 Qf4 24. hxg6 hxg6 25. Qxf4 Rxf4 26. f3 Rf7 27. Rc1 Rh7 28. g3 e5 29. b3 Kf7 30. Rb1 Ke6 31. Kg2 d5 32. Rc1 c4 33. b4 a5 34. Bc2 Nxc2 35. exd5+ Kxd5 36. Rxc2 Kd4 37. Rd2+ Kc3 38. Rd5 axb4 39. axb4 Kxb4 40. Kf2 c3 41. Ke2 Rh2+ 42. Ke1 c2 0-1

[Event "DM 2026 G5 1A"]
[Site "Svendborg"]
[Date "2026.03.31"]
[Round "4.7"]
[White "Petersen, Lars Uffe"]
[Black "Clausen, Martin Koch"]
[Result "1/2-1/2"]
[WhiteElo "1920"]
[BlackElo "2005"]
[WhiteFideId "1406906"]
[BlackFideId "1404261"]
[EventDate "2026.03.28"]
[EventType "swiss"]
[EventRounds "5"]
[EventCountry "DEN"]
[SourceTitle "Live v. Kasper Jerwiarz"]

1. e4 c5 2. Nf3 Nc6 3. Bb5 d6 4. Bxc6+ bxc6 5. O-O e5 6. d3 Nf6 7. Nbd2 Be7 8. Nc4 Rb8 9. b3 O-O 10. Qe2 Ne8 11. Bd2 f5 12. Ba5 Nc7 13. Rab1 Be6 14. Rfd1 Qc8 15. h3 f4 16. Bxc7 Qxc7 17. Nh2 Rf6 18. a3 Rbf8 19. Nd2 Qd7 20. Qf3 Rg6 21. Kh1 Bh4 22. b4 cxb4 23. Rxb4 Bg3 24. Rdb1 Bxh3 25. gxh3 Qxh3 26. Qg2 Qh6 27. Nf3 Rg4 28. Rb8 Rxb8 29. Rxb8+ Kf7 30. Rb7+ Ke6 31. Rxa7 Qh5 32. Ra6 Rg6 33. fxg3 fxg3 34. Ng1 Ke7 35. Ra7+ Kd8 36. Ra8+ Kc7 37. Qh3 g2+ 38. Qxg2 Rxg2 39. Kxg2 Kb7 40. Ra4 Qg5+ 41. Kh1 Qc1 42. Rc4 Qxa3 1/2-1/2

[Event "DM 2026 G5 1A"]
[Site "Svendborg"]
[Date "2026.04.01"]
[Round "5.1"]
[White "Warncke, Bent"]
[Black "Jacobsen, Hans Endrup"]
[Result "1-0"]
[WhiteElo "1958"]
[BlackElo "1906"]
[WhiteFideId "1444204"]
[BlackFideId "1406841"]
[EventDate "2026.03.28"]
[EventType "swiss"]
[EventRounds "5"]
[EventCountry "DEN"]
[SourceTitle "Live v. Kasper Jerwiarz"]

1. e4 c5 2. Nf3 d6 3. d4 cxd4 4. c3 dxc3 5. Nxc3 Nf6 6. Bc4 Nc6 7. h3 e6 8. O-O Be7 9. Qe2 O-O 10. Rd1 Qc7 11. Nb5 Qb8 12. Bf4 e5 13. Bg5 Rd8 14. Rac1 h6 15. Bh4 Be6 16. Bxe6 fxe6 17. g4 a6 18. Nc3 g5 19. Bg3 Rd7 20. Kg2 Qe8 21. Rd2 Bd8 22. Rcd1 Bc7 23. Qc4 Rad8 24. b4 Bb6 25. b5 Nd4 26. bxa6 bxa6 27. Qxa6 Bc5 28. Qd3 Nxf3 29. Qxf3 Kg7 30. Qe2 Qg6 31. f3 Qf7 32. Rd3 Rb8 33. Bf2 Bb4 34. Na4 Rdb7 35. Rb3 Qc7 36. Rdb1 Qa5 37. Nc3 Qc7 38. Nd1 Nd7 39. Qb2 Nc5 40. Bxc5 dxc5 41. a3 c4 42. Rxb4 Rxb4 43. axb4 Rd8 44. b5 Rd3 45. b6 Qd6 46. Nf2 Rd2 47. Qc3 Rd4 48. b7 Qb8 49. Qb4 Kf7 50. Qc5 Rd2 51. Rb6 c3 52. Qxc3 1-0

[Event "DM 2026 G5 1A"]
[Site "Svendborg"]
[Date "2026.04.01"]
[Round "5.2"]
[White "Mosegaard, Klaus"]
[Black "Christensen, Adam Stanczyk"]
[Result "0-1"]
[WhiteElo "1826"]
[BlackElo "1853"]
[WhiteFideId "1441710"]
[BlackFideId "1463950"]
[EventDate "2026.03.28"]
[EventType "swiss"]
[EventRounds "5"]
[EventCountry "DEN"]
[SourceTitle "Live v. Kasper Jerwiarz"]

1. e4 e6 2. d4 d5 3. e5 c5 4. c3 Nc6 5. Nf3 Qb6 6. a3 Bd7 7. b4 cxd4 8. cxd4 Rc8 9. Bb2 a6 10. Nbd2 Nh6 11. Bd3 Na7 12. Nb3 Ba4 13. Bc2 a5 14. Nc5 Bxc2 15. Qxc2 axb4 16. axb4 Qxb4+ 17. Bc3 Bxc5 18. Ra4 Qb5 19. Ra5 Qxa5 20. Bxa5 Bb4+ 0-1

[Event "DM 2026 G5 1A"]
[Site "Svendborg"]
[Date "2026.04.01"]
[Round "5.3"]
[White "Nielsen, Jacob Woge"]
[Black "Almasy, Alexander Christian"]
[Result "1-0"]
[WhiteElo "2084"]
[BlackElo "1941"]
[WhiteFideId "1402900"]
[BlackFideId "1415700"]
[EventDate "2026.03.28"]
[EventType "swiss"]
[EventRounds "5"]
[EventCountry "DEN"]
[SourceTitle "Live v. Kasper Jerwiarz"]

1. d4 d5 2. c4 dxc4 3. Nf3 Nf6 4. e3 a6 5. a4 e6 6. Bxc4 c5 7. O-O Nc6 8. Qe2 cxd4 9. Rd1 Qc7 10. exd4 Be7 11. Nc3 O-O 12. Bg5 Rd8 13. Rac1 Qa5 14. Bxf6 Bxf6 15. d5 Bxc3 16. Rxc3 exd5 17. Rxd5 Qc7 18. Rxd8+ Qxd8 19. Ng5 Be6 20. Nxe6 fxe6 21. Qxe6+ Kh8 22. Re3 b5 23. Bd3 Nb4 24. Bxh7 Qd5 25. Bg8 Qd1+ 26. Re1 Rd8 27. Bf7 1-0

[Event "DM 2026 G5 1A"]
[Site "Svendborg"]
[Date "2026.04.01"]
[Round "5.4"]
[White "Holm, Henrik"]
[Black "Petersen, Lars Uffe"]
[Result "0-1"]
[WhiteElo "1849"]
[BlackElo "1920"]
[WhiteFideId "1425340"]
[BlackFideId "1406906"]
[EventDate "2026.03.28"]
[EventType "swiss"]
[EventRounds "5"]
[EventCountry "DEN"]
[SourceTitle "Live v. Kasper Jerwiarz"]

1. e4 c5 2. Nf3 Nc6 3. d4 cxd4 4. Nxd4 g6 5. c4 Nf6 6. Nc3 d6 7. Be2 Nxd4 8. Qxd4 Bg7 9. O-O O-O 10. Bg5 Be6 11. Rac1 Qa5 12. Qd2 Rfc8 13. b3 a6 14. Nd5 Qxd2 15. Bxd2 Nxd5 16. exd5 Bd7 17. Bd3 b5 18. Rfe1 Kf8 19. Bg5 f6 20. Be3 bxc4 21. bxc4 f5 22. g3 Kf7 23. Rb1 Rcb8 24. Rec1 a5 25. Kg2 a4 26. c5 dxc5 27. Bxc5 Rb2 28. Rxb2 Bxb2 29. Rc2 a3 30. Re2 e5 31. Rc2 e4 32. Bf1 Rc8 33. Ba6 Rb8 34. Be3 Be5 35. Bc4 Ba4 36. d6+ Kf6 37. Rd2 Rb2 38. Rd5 Bd7 39. Bc5 Rc2 40. Bb3 Re2 41. Be3 Rb2 42. Bc4 Rb4 43. Ba6 Rb8 44. Bc4 Rc8 45. Bb3 Rc3 46. Bd4 Bxd4 47. Rxd4 Rd3 48. Ra4 Bxa4 0-1

[Event "DM 2026 G5 1A"]
[Site "Svendborg"]
[Date "2026.04.01"]
[Round "5.5"]
[White "Matras, Ove"]
[Black "Rynkjob, Bastian"]
[Result "0-1"]
[WhiteElo "1895"]
[BlackElo "1930"]
[WhiteFideId "1416790"]
[BlackFideId "1473557"]
[EventDate "2026.03.28"]
[EventType "swiss"]
[EventRounds "5"]
[EventCountry "DEN"]
[SourceTitle "Live v. Kasper Jerwiarz"]

1. e4 c5 2. Nf3 Nc6 3. c3 d5 4. d3 d4 5. Be2 e5 6. Bg5 Be7 7. Bxe7 Qxe7 8. Nbd2 Be6 9. Qa4 Bd7 10. Qc2 Rc8 11. O-O Nf6 12. Rfc1 O-O 13. Qd1 b5 14. a4 Rb8 15. axb5 Rxb5 16. Nc4 Ne8 17. Qd2 Nd6 18. Nxd6 Qxd6 19. Bd1 Rfb8 20. b3 Bg4 21. Nxd4 cxd4 22. c4 R5b7 23. Bxg4 Rxb3 24. Bd1 Rb2 25. Bc2 Qb4 26. Qd1 a5 27. g3 Qe7 28. Ba4 Qf6 29. Rc2 Rxc2 30. Qxc2 Nb4 31. Qe2 Na6 32. Bb5 Qb6 33. Bxa6 Qxa6 34. Qa2 h6 35. Kf1 a4 36. Ke2 Rb4 37. Rc1 a3 38. Rc2 g5 39. f4 gxf4 40. gxf4 Qg6 41. Kf1 Qh5 42. Kg1 Qd1+ 43. Kf2 Qxc2+ 0-1

[Event "DM 2026 G5 1A"]
[Site "Svendborg"]
[Date "2026.04.01"]
[Round "5.6"]
[White "Hansen, Henrik Jegbjerg"]
[Black "Clausen, Martin Koch"]
[Result "0-1"]
[WhiteElo "1885"]
[BlackElo "2005"]
[WhiteFideId "1419790"]
[BlackFideId "1404261"]
[EventDate "2026.03.28"]
[EventType "swiss"]
[EventRounds "5"]
[EventCountry "DEN"]
[SourceTitle "Live v. Kasper Jerwiarz"]

1. e4 c5 2. Nc3 e6 3. g3 Nc6 4. Bg2 g6 5. d3 Bg7 6. Be3 d6 7. f4 Nge7 8. Nh3 Nd4 9. O-O O-O 10. Qd2 Rb8 11. Nd1 Bd7 12. c3 Ndc6 13. d4 cxd4 14. cxd4 d5 15. e5 Nf5 16. Nc3 b5 17. b3 Qb6 18. Rfd1 Rfc8 19. Bf2 Bf8 20. Ne2 Ba3 21. Ng5 Nb4 22. Nf3 Rc2 23. Qe1 Nxa2 24. Rd3 Rbc8 25. Bf1 Nb4 26. Rdd1 Na2 27. Rd3 Nc1 28. Rd1 Nxe2+ 29. Bxe2 Bf8 30. b4 R2c3 31. Bd3 Bxb4 32. g4 Rxd3 33. Qxb4 Rc4 34. Qb1 Rxd1+ 35. Qxd1 Ng7 36. h4 b4 37. h5 gxh5 38. gxh5 h6 39. Kh2 b3 40. Nd2 Rc2 41. Ra3 Qb4 42. Rxa7 Rxd2 0-1